Journal of international business studies
Αποθηκεύτηκε σε:
| Συγγραφή απο Οργανισμό/Αρχή: | |
|---|---|
| Μορφή: | Περιοδική έκδοση |
| Γλώσσα: | English |
| Δημοσίευση: |
Atlanta, GA :
Academy of International Business, Georgia State University. College of Business Administration,
1970
|
| Θέματα: | |
| Ετικέτες: |
Προσθήκη ετικέτας
Δεν υπάρχουν, Καταχωρήστε ετικέτα πρώτοι!
|
MARC
| LEADER | 00000cas a2200000 i 4500 | ||
|---|---|---|---|
| 001 | 1/99076 | ||
| 008 | 000126c19709999us eng | ||
| 022 | |a 00472506 | ||
| 035 | |l 10056745 | ||
| 040 | |a GR-MY-UA |b gre |e aacr | ||
| 041 | 0 | |a eng | |
| 082 | 0 | |a 338.88 | |
| 110 | 2 | |a Academy of International Business. | |
| 245 | 1 | 0 | |a Journal of international business studies |h [περιοδικό] / |c Academy of International Business |
| 260 | |a Atlanta, GA : |b Academy of International Business, |b Georgia State University. College of Business Administration, |c 1970 | ||
| 300 | |a τ.; |b πίν, σχ.; |c 28 εκ. | ||
| 310 | |a Η συχνότητα ποικίλλει, 1970- ; Διμηνιαίο, 2003- | ||
| 500 | |a The journal of the Academy of International Business | ||
| 500 | |a Η συνδρομή είναι διαθέσιμη σε ηλεκτρονική μορφή από το παγκόσμιο πλέγμα πληροφοριών | ||
| 650 | 0 | 0 | |a International business enterprises |x Periodicals. |
| 650 | 0 | 0 | |a International economic relations |x Periodicals. |
| 853 | |a INST |b CHIOS |c SER |h 338.88 | ||
| 901 | |a BIBL2-2004-1 | ||
| 922 | |a 2ΕΛΗ |b 198807 |c Κεντρική Βιβλιοθήκη |d Swets | ||
| 970 | |a Σαλαμούρα |b Μαρία |z 2003/03/11 | ||